| 000 -LEADER |
| fixed length control field |
01962nam a22001577a 4500 |
| 008 - FIXED-LENGTH DATA ELEMENTS--GENERAL INFORMATION |
| fixed length control field |
230314b ||||| |||| 00| 0 eng d |
| 100 ## - MAIN ENTRY--PERSONAL NAME |
| Personal name |
Mehta Balwant Singh and Dhote, Siddarth |
| 245 ## - TITLE STATEMENT |
| Title |
Inequality of opportunity in India: Concept and measurement |
| 260 ## - PUBLICATION, DISTRIBUTION, ETC. (IMPRINT) |
| Place of publication, distribution, etc |
IASSI Quarterly: Contributions of Indian Social Science |
| 300 ## - PHYSICAL DESCRIPTION |
| Extent |
41(1& 2), Jan-Jun, 2022: p.165-183 |
| 520 ## - SUMMARY, ETC. |
| Summary, etc |
There are growing debates and discussions on limitations of inequality of outcome to explain the widening income inequalities within the country across the world. In this context, the scholars and public policy advocates are taking keen interest in measurement of inequality of opportunity (lOpj, which is based on the philosophical concept of distributive justice. In this article, we have discussed evolution of the IOp concept, its measurement, and provided empirical results on IOp in India based on data from labour forces surveys conducted by National Statistical Office (NSOj. The analysis shows that around one-fifth of the consumption inequality, and one-fourth of income inequality is accounted by unequal circumstances in the country. The findings based on shapely decomposition reveals that parental backgrounds i.e., education and occupation contribute the most in unequal opportunities for regular salaried employment, while gender play a key role in explaining unequal earnings opportunity for casual wage employment, and self-employment. The regression inference tree-based results also indicate that parent's education is the most important variable that determine income or consumption inequality followed by locations (rural-urbanj, and place of birth (regionsj and parents’ occupation in India. – Reproduced |
| 650 ## - SUBJECT ADDED ENTRY--TOPICAL TERM |
| Topical term or geographic name as entry element |
Inequality of opportunity, Egalitarianism, Circumstances, Mean log deviation, Regression tree |
| 9 (RLIN) |
36887 |
| 773 ## - HOST ITEM ENTRY |
| Main entry heading |
IASSI Quarterly: Contributions of Indian Social Science |
| 906 ## - LOCAL DATA ELEMENT F, LDF (RLIN) |
| Subject DIP |
INEQUALITY |
| 942 ## - ADDED ENTRY ELEMENTS (KOHA) |
| Item type |
Articles |